00351nam a2200121Ia 450000500170000000800410001708200220005810000180008024500360009826000390013430000120017350000440018520250620032150.0240331s9999 xx 000 0 und d bWIJa322Ratmalana aWijayalath, C 0aWijeveera ghathanaye abhirahasa aRatmalanabNawamage printersc1994 a94 p ., aA book of mystery of Wijeweera's murder